Advanced inorganic chemistry (Record no. 2836)

000 -LEADER
fixed length control field 00571nam a2200241u 4500
001 - CONTROL NUMBER
control field 2836
003 - CONTROL NUMBER IDENTIFIER
control field BD-DhUET
008 - FIXED-LENGTH DATA ELEMENTS--GENERAL INFORMATION
fixed length control field 890901s1965 ii 000 0 eng
020 ## - INTERNATIONAL STANDARD BOOK NUMBER
International Standard Book Number 8121902630
040 ## - CATALOGING SOURCE
Original cataloging agency DLC
Transcribing agency DLC
Modifying agency BD-DhUET
082 ## - DEWEY DECIMAL CLASSIFICATION NUMBER
Classification number 546
Item number PRA/2000
100 ## - MAIN ENTRY--PERSONAL NAME
Personal name Prakash, Satya
245 00 - TITLE STATEMENT
Title Advanced inorganic chemistry
250 ## - EDITION STATEMENT
Edition statement 1st ed.
260 ## - PUBLICATION, DISTRIBUTION, ETC. (IMPRINT)
Place of publication, distribution, etc. New York
Name of publisher, distributor, etc. S. Chand
Date of publication, distribution, etc. 2000
300 ## - PHYSICAL DESCRIPTION
Extent xvi, 1157p.
Other physical details ill.
500 ## - GENERAL NOTE
General note Vol. I
650 #0 - SUBJECT ADDED ENTRY--TOPICAL TERM
Topical term or geographic name as entry element Chemistry
700 ## - ADDED ENTRY--PERSONAL NAME
Personal name Tuli, G. D.
700 ## - ADDED ENTRY--PERSONAL NAME
Personal name Basu, S. K.
700 ## - ADDED ENTRY--PERSONAL NAME
Personal name Madan, R. D.
942 ## - ADDED ENTRY ELEMENTS (KOHA)
Koha item type General Book
Holdings
Koha issues (times borrowed) Shelving location Koha renewals Source of classification or shelving scheme Lost status Koha date last borrowed Location (home branch) Price effective from Withdrawn status Piece designation (barcode) Date acquired Copy number Damaged status Sublocation or collection (holding branch) Koha item type Koha normalized classification for sorting Koha date last seen Not for loan Koha full call number
5Circulation section2  2024-04-27Central Library, BUET2014-10-12 964352014-10-121 Central Library, BUETGeneral Book546_000000000000000_PRA_20002024-05-26 546/PRA/2000
12Circulation section1  2020-02-23Central Library, BUET2014-11-09 964332014-11-092 Central Library, BUETGeneral Book546PRA20002020-02-24 546/PRA/2000
 Reading section    Central Library, BUET2015-06-16 964312015-06-163 Central Library, BUETReading Item546_000000000000000_PRA_20002015-06-16 546/PRA/2000
6Circulation section   2019-08-24Central Library, BUET2015-12-28 964342015-12-284 Central Library, BUETGeneral Book546_000000000000000_PRA_20002019-09-01 546/PRA/2000